00906nam a22002417a 4500003001100000005001700011008004100028020001800069040003900087041000800126082001700134100002300151245013800174260005000312300004100362650004200403650004900445650003600494700002000530942000700550952009200557999001500649LK-CoMWRAF20231218130420.0231218b2010 |||||||| |||| 00| 0 eng d a9789558610459 aLK-CoMWRAFdLK-CoMWRAFeLK-CoMWRAF aeng a332.024bGUN aGunatilaka, Ramani a Microfinance and women's empowerment : bthe impact of loan ownership on women's empowerment in microfinance households in Sri Lanka aColombo:bCentre for Women's Research, c2010 a113 p., 24 cmbBibliography included aLoans -Sri Lanka- Kurunegala District aMicrofinance- Sri Lanka- Kurunegala District aWomen in development- Sri Lanka aDe Silva, Dulan cBK 00104070aMAINbMAINd2023-12-18l0o332.024 GUNpRAF4580r2023-12-18w2023-12-18yBK c4524d4524